000 00284nam a22001337a 4500
008 181217b xxu||||| |||| 00| 0 eng d
020 _a2740296528779
041 _aeng
080 _210 TH
_a941
100 _a16
101 _aHIS
245 _aAmerica
_cDivine.B
942 _2udc
_cBK
999 _c53290
_d53290